BIBLE OF OPTIONS STRATEGIES THE DEFINITI (Record no. 7723)

MARC details
000 -LEADER
fixed length control field 00369nam a2200133Ia 4500
008 - FIXED-LENGTH DATA ELEMENTS--GENERAL INFORMATION
fixed length control field 240624s9999 xx 000 0 und d
041 ## - LANGUAGE CODE
Language code of text/sound track or separate title eng
082 ## - DEWEY DECIMAL CLASSIFICATION NUMBER
Classification number 332.643 COH
100 ## - MAIN ENTRY--PERSONAL NAME
Personal name COHEN GUY
245 ## - TITLE STATEMENT
Title BIBLE OF OPTIONS STRATEGIES THE DEFINITI
260 ## - PUBLICATION, DISTRIBUTION, ETC.
Date of publication, distribution, etc. 2006
Place of publication, distribution, etc. New York
Name of publisher, distributor, etc. Financial Times/Prentice-Hall
300 ## - PHYSICAL DESCRIPTION
Extent xxxviii, : 356 : p. : cm. ; 24
365 ## - TRADE PRICE
Currency code RS
Price amount 25
Holdings
Withdrawn status Lost status Damaged status Not for loan Home library Current library Shelving location Date acquired Source of acquisition Cost, normal purchase price Full call number Barcode Date last seen Copy number Price effective from Koha item type
        IMTN IMTN Rack 12-B 12/17/2007 OSY 2348.65 332.643 COH 7723 06/24/2024 1 06/24/2024 Books
Designed & Maintained by: LRC IMT Nagpur Contact: lrc@imtnag.ac.in© 2024. All Rights Reserved.